000 00701nam a2200217Ia 4500
003 GCL
008 140319s9999 xx 000 0 ara d
040 _aGCL /
_cGCL
082 0 4 _a001.553
_bع د
100 1 _aعبدالمجيد شكرى
245 1 0 _aالدراما المرئية /
_cعبدالمجيد شكرى
260 _aالقاهرة :
_bالعربى للنشر والتوزيع ،
_c1995
300 _a145 ص ؛
_c24 سم
490 _aدراسات فى الاعلام
_v0
650 0 4 _aالمسرحيات
650 0 4 _aالتليفزيون
650 0 4 _aمسرح الطفل
650 0 4 _aالرسوم المتحركة
650 0 4 _aالمسرح المدرسى
942 _2ddc
_cBK
999 _c47965
_d47965